Dinh dưỡng khoáng cây trồng

Spremljeno u:
Bibliografski detalji
Glavni autor: Nguyễn, Bảo Vê
Daljnji autori: Nguyễn, Huy Tài
Format: Knjiga
Izdano: TP. Hồ Chi Minh Nông Nghiệp 2010
Teme:
Oznake: Dodaj oznaku
Bez oznaka, Budi prvi tko označuje ovaj zapis!
Thư viện lưu trữ: Trung tâm Học liệu Lê Vũ Hùng, Trường Đại học Đồng Tháp
LEADER 00808pam a22002418a 4500
001 00037727
005 20171026081025.0
008 170513s2010 ||||||Viesd
041 0 # |a Vie 
082 1 4 |a 631.8  |b D312D 
100 1 # |a Nguyễn, Bảo Vê 
245 1 0 |a Dinh dưỡng khoáng cây trồng  |c Nguyễn Bảo Vệ, Nguyễn Huy Tài 
260 # # |a TP. Hồ Chi Minh  |b Nông Nghiệp  |c 2010 
300 # # |a 204tr.  |c 30 cm 
653 # # |a Cây trồng 
653 # # |a Dinh dưỡng khoáng cây trồng 
700 1 # |a Nguyễn, Huy Tài 
852 # # |b Kho mượn  |j KM.0022462 
852 # # |b Kho đọc  |j KD.0021567 
852 # # |j KM.0022462  |j KD.0021567 
910 |d 13/05/2017 
980 # # |a Trung tâm Học liệu Lê Vũ Hùng, Trường Đại học Đồng Tháp